000 03200cam a22003254a 4500
001 15691
003 BD-RjUL
005 20211208235852.0
008 140210s2002 enka b 001 0 eng c
020 _a0761958932
035 _a(BD-RjUL)15746
_a(OCoLC)ocm44015612
040 _aUKM
_cUKM
_dBD-RjUL
_beng
041 _aeng
082 0 0 _a658.4012
_221
_bHAN 2002
245 0 0 _aHandbook of strategy and management /
_cedited by Andrew Pettigrew, Howard Thomas and Richard Whittington.
260 _aLondon ;
_aThousand Oaks, Calif. :
_bSage Publications,
_cc2002.
300 _axviii, 519 p. :
_bill. ;
_c26 cm.
504 _aIncludes bibliographical references and index.
505 0 _aStrategic management : the strengths and limitations of a field / Andrew Pettigrew, Howard Thomas and Richard Whittington -- The domain of strategic management : history and evolution / Edward H. Bowman, Harbir Singh and Howard Thomas -- Constructing competitive advantage / Karel Cool, Luis Almeida Costa and Ingemar Dierickx -- Corporate strategy : managing scope and strategy content / Robert M. Grant -- Corporate strategy : the role of the centre / Constantinos Markides -- Corporate structure : from policy to practice / Richard Whittington -- Knowledge-based view : a new theory of strategy? / Kathleen M. Eisenhardt and Filipe M. Santos -- Managing cognition and strategy : issues, trends and future directions / Joseph F. Porac and Howard Thomas -- Strategy process : forming, implementing and changing strategies / Balaji S. Chakravarthy and Roderick E. White -- Strategic change processes / Raghu Garud and Andrew H. Van de Ven -- Top management, company directors and corporate control / Gerald F. Davis and Michael Useem -- International management and strategy / Bruce Kogut -- Quasi strategy : strategic management in the contemporary public sector / Ewan Ferlie -- Entrepreneurship, small firms and wealth creation : a framework using real options reasoning / Rita Gunther McGrath -- The strategy and management of international institutions / Winfried Ruigrok -- Technology in corporate strategy : change, continuity and the information revolution / Keith Pavitt and W. Edward Steinmueller -- What are the responsibilities of business to society? / David W. Whetten, Gordon Rands and Paul Godfrey -- The conduct of strategy research / Haridimos Tsoukas and Christian Knudsen -- Business history and strategy / David J. Jeremy -- Theorizing the future of strategy : questions for shaping strategy research in the knowledge economy / N. Venkatraman and Mohan Subramaniam -- Conclusion : doing more in strategy research / Richard Whittington, Andrew Pettigrew and Howard Thomas.
650 0 _aStrategic planning.
_948696
650 0 _aIndustrial management.
_948697
700 1 _aPettigrew, Andrew M.
_948698
700 1 _aThomas, Howard,
_d1943-
_948699
700 1 _aWhittington, Richard,
_d1958-
_948700
856 4 2 _3Publisher description
_uhttp://www.loc.gov/catdir/enhancements/fy0658/2001132892-d.html
856 4 1 _3Table of contents only
_uhttp://www.loc.gov/catdir/enhancements/fy0658/2001132892-t.html
942 _2ddc
_cBK
999 _c15691
_d15691